00334pab a2200133 454500008004000000100002600040245002000066260000900086300001300095362001100108650005200119650001400171773001500185180718b2007 xxu||||| |||| 00| 0 eng d aSharan, Shree Shankar aThe UP election c2007 ap.31-34. a26 May aUttar Pradesh. Legislative assembly - Elections aElections aMainstream